[Event "Avoine op 24th"]
[Site "Avoine"]
[Date "2009.07.25"]
[Round "8"]
[White "Vigneron, Frederic"]
[Black "Giroux, Fabrice"]
[Result "0-1"]
[WhiteElo "1950"]
[BlackElo "2183"]
[PlyCount "50"]
[EventDate "2009.07.18"]
[EventType "swiss"]
[EventRounds "9"]
[EventCountry "FRA"]
[SourceTitle "CBM 131 Extra"]
[Source "ChessBase"]
[SourceDate "2009.09.03"]
[SourceVersion "2"]
[SourceVersionDate "2009.09.16"]
[SourceQuality "1"]

1. d4 Nc6 2. c4 e5 3. d5 Nce7 4. Nc3 Ng6 5. e4 Bc5 6. Nf3 Nf6 7. h3 0-0 8. Qc2 c6 9. Bd2 a5 10. Na4 Bb4 11. a3 Bxd2+ 12. Nxd2 b5 13. cxb5 cxd5 14. exd5 Bb7 15. Qc5 Nxd5 16. Nc4 Ndf4 17. Nab6 Bxg2 18. Rh2 Bxf1 19. Kxf1 d5 20. Rd1 Qg5 21. Nxa8 dxc4 22. Qc6 Rd8 23. Rd7 Qe7 24. Rxd8+ Qxd8 25. Qf3 Nh4 0-1

[Event "Avoine op 24th"]
[Site "Avoine"]
[Date "2009.07.22"]
[Round "5"]
[White "Giroux, Fabrice"]
[Black "Ollier, Milan"]
[Result "0-1"]
[WhiteElo "2183"]
[BlackElo "2011"]
[PlyCount "68"]
[EventDate "2009.07.18"]
[EventType "swiss"]
[EventRounds "9"]
[EventCountry "FRA"]
[SourceTitle "CBM 131 Extra"]
[Source "ChessBase"]
[SourceDate "2009.09.03"]
[SourceVersion "2"]
[SourceVersionDate "2009.09.16"]
[SourceQuality "1"]

1. c4 c5 2. Nc3 Nc6 3. Nf3 e5 4. g3 g6 5. Bg2 Bg7 6. 0-0 Nge7 7. Rb1 d6 8. a3 a5 9. d3 0-0 10. e3 Rb8 11. Bd2 h6 12. Ne1 Be6 13. Nd5 b5 14. f4 bxc4 15. dxc4 exf4 16. Rxf4 Rxb2 17. Nf6+ Bxf6 18. Rxf6 Rxb1 19. Qxb1 Ne5 20. e4 N7c6 21. Rxe6 fxe6 22. Bxh6 Rf7 23. Qc1 Nd4 24. Qd1 Qf6 25. Bf4 Nxc4 26. Nd3 Nc6 27. h4 Qd4+ 28. Kh2 N6e5 29. Qa4 Qxd3 30. Qe8+ Kg7 31. Qxe6 Ne3 32. Bxe5+ dxe5 33. Qxe5+ Kh7 34. Qe6 Qd7 0-1

[Event "Avoine op 24th"]
[Site "Avoine"]
[Date "2009.07.20"]
[Round "3"]
[White "Giroux, Fabrice"]
[Black "Le Ray, Jean Yves"]
[Result "1/2-1/2"]
[WhiteElo "2183"]
[BlackElo "1959"]
[PlyCount "100"]
[EventDate "2009.07.18"]
[EventType "swiss"]
[EventRounds "9"]
[EventCountry "FRA"]
[SourceTitle "CBM 131 Extra"]
[Source "ChessBase"]
[SourceDate "2009.09.03"]
[SourceVersion "2"]
[SourceVersionDate "2009.09.16"]
[SourceQuality "1"]

1. c4 Nf6 2. Nc3 g6 3. g3 Bg7 4. Bg2 0-0 5. Nf3 d6 6. d4 c6 7. 0-0 Qa5 8. e4 Bg4 9. h3 Bxf3 10. Qxf3 Nfd7 11. Rd1 c5 12. d5 Nb6 13. Qd3 N8d7 14. f4 Bd4+ 15. Kh2 Bxc3 16. bxc3 Qa4 17. Bf3 Qxc4 18. Qxc4 Nxc4 19. Be2 Ncb6 20. Rb1 Rab8 21. c4 Na8 22. Rd3 Nc7 23. Ra3 a6 24. Rab3 b6 25. Bd2 e6 26. dxe6 Nxe6 27. Bc3 Rfe8 28. Bg4 h5 29. Bf3 b5 30. cxb5 axb5 31. Rxb5 Rxb5 32. Rxb5 Ra8 33. Rb2 Ra3 34. Rc2 Nd4 35. Bxd4 cxd4 36. Kg2 Nc5 37. Rd2 d3 38. Kf2 Kf8 39. Ke3 Ke7 40. e5 dxe5 41. fxe5 Ra4 42. Bd5 f6 43. Bc6 Ra6 44. exf6+ Kxf6 45. Bb5 Ra5 46. Bc4 Ke5 47. Rb2 Ra4 48. Bxd3 Ra3 49. Rd2 Nxd3 50. Rxd3 Rxa2 1/2-1/2

[Event "Avoine op 23rd"]
[Site "Avoine"]
[Date "2008.07.19"]
[Round "1"]
[White "Giroux, Fabrice"]
[Black "Schwarzat, Julian"]
[Result "1/2-1/2"]
[WhiteElo "2187"]
[BlackElo "1963"]
[PlyCount "54"]
[EventDate "2008.07.19"]
[EventType "swiss"]
[EventRounds "9"]
[EventCountry "FRA"]
[SourceTitle "CBM 125 Extra"]
[Source "ChessBase"]
[SourceDate "2008.09.01"]
[SourceVersion "1"]
[SourceVersionDate "2008.09.01"]
[SourceQuality "1"]

1. c4 c6 2. e4 d5 3. exd5 cxd5 4. d4 Nf6 5. Nc3 e6 6. Nf3 Nc6 7. cxd5 exd5 8. Bg5 Be7 9. Be2 0-0 10. h3 Be6 11. Qb3 h6 12. Bh4 Na5 13. Qc2 Rc8 14. 0-0 Nc4 15. Bd3 Qa5 16. Rac1 b5 17. Qb3 a6 18. Ne2 Rfe8 19. Nf4 Nd7 20. Bxe7 Rxe7 21. Bb1 Nf8 22. Nxe6 fxe6 23. Rc2 Rec7 24. Re2 Qb6 25. Qd3 g5 26. Rfe1 Rg7 27. g4 Re8 1/2-1/2

[Event "FRA-chT2 Nord 0708"]
[Site "France"]
[Date "2007.10.21"]
[Round "1.6"]
[White "Giroux, Fabrice"]
[Black "Castaignet, Laurent"]
[Result "0-1"]
[WhiteElo "2169"]
[BlackElo "2130"]
[PlyCount "56"]
[EventDate "2007.10.21"]
[EventType "team"]
[EventRounds "11"]
[EventCountry "FRA"]
[SourceTitle "EXT 2009"]
[Source "ChessBase"]
[SourceDate "2008.11.26"]
[SourceVersion "1"]
[SourceVersionDate "2008.11.26"]
[SourceQuality "1"]
[WhiteTeam "JEEN"]
[BlackTeam "Le Vesinet"]
[WhiteTeamCountry "FRA"]
[BlackTeamCountry "FRA"]

1. e4 c5 2. c3 d6 3. d4 Nf6 4. f3 Qc7 5. Be3 g6 6. Qd2 Bg7 7. Na3 a6 8. Nc2 0-0 9. h4 h5 10. Nh3 Bxh3 11. Rxh3 cxd4 12. Nxd4 Nc6 13. Be2 d5 14. Nxc6 bxc6 15. exd5 Nxd5 16. Bc4 Rfd8 17. Bxd5 Rxd5 18. Qc2 Rad8 19. Kf2 Rd3 20. Re1 c5 21. Rhh1 Be5 22. Rh3 Bf4 23. Bxf4 Qxf4 24. Re2 Rd2 25. g3 Qh6 26. Qe4 Rxe2+ 27. Kxe2 Qd2+ 28. Kf1 Qd1+ 0-1

[Event "FRA-chT2 West 0607"]
[Site "France"]
[Date "2007.01.20"]
[Round "5.2"]
[White "Giroux, Fabrice"]
[Black "Demanghon, Jonathan"]
[Result "0-1"]
[WhiteElo "2196"]
[BlackElo "2218"]
[PlyCount "64"]
[EventDate "2006.10.15"]
[EventType "team"]
[EventRounds "11"]
[EventCountry "FRA"]
[SourceTitle "EXT 2008"]
[Source "ChessBase"]
[SourceDate "2007.11.25"]
[SourceVersion "1"]
[SourceVersionDate "2007.11.25"]
[SourceQuality "1"]
[WhiteTeam "JEEN"]
[BlackTeam "Rennes Paul Bert"]
[WhiteTeamCountry "FRA"]
[BlackTeamCountry "FRA"]

1. e4 e6 2. d4 d5 3. exd5 exd5 4. Nf3 Nc6 5. Bb5 Bd6 6. Bg5 f6 7. Be3 Nge7 8. Qd2 a6 9. Ba4 Bg4 10. Nc3 Qd7 11. Ng1 Be6 12. Nge2 b5 13. Bb3 Na5 14. 0-0 Nc4 15. Bxc4 dxc4 16. Nf4 Bf5 17. Nce2 g5 18. Nh5 0-0 19. f3 Bg6 20. Nhg3 Nd5 21. Bf2 Rae8 22. Ne4 Bxe4 23. fxe4 Rxe4 24. Ng3 Bxg3 25. Bxg3 Qg4 26. Rae1 Rfe8 27. Rxe4 Rxe4 28. Qa5 Re2 29. Qxa6 Qe4 30. Qc8+ Kg7 31. Qd7+ Kg6 32. Rf3 Qxd4+ 0-1

[Event "FRA-chT2 West 0607"]
[Site "France"]
[Date "2006.12.10"]
[Round "4.2"]
[White "Giroux, Fabrice"]
[Black "Sowray, Peter John"]
[Result "0-1"]
[WhiteElo "2202"]
[BlackElo "2339"]
[PlyCount "76"]
[EventDate "2006.10.15"]
[EventType "team"]
[EventRounds "11"]
[EventCountry "FRA"]
[SourceTitle "EXT 2008"]
[Source "ChessBase"]
[SourceDate "2007.11.25"]
[SourceVersion "1"]
[SourceVersionDate "2007.11.25"]
[SourceQuality "1"]
[WhiteTeam "JEEN"]
[BlackTeam "Rueil Malmaison"]
[WhiteTeamCountry "FRA"]
[BlackTeamCountry "FRA"]

1. Nc3 g6 2. h4 Nf6 3. e4 d6 4. d4 Bg7 5. Be2 c5 6. d5 0-0 7. h5 b5 8. hxg6 fxg6 9. Bf3 b4 10. Nce2 Nbd7 11. Bf4 Nb6 12. b3 Ng4 13. Bxg4 Bxg4 14. Qc1 Bxe2 15. Nxe2 e6 16. Bh6 Bxa1 17. Qxa1 Qf6 18. Qxf6 Rxf6 19. Bg5 Raf8 20. Bxf6 Rxf6 21. dxe6 Rxe6 22. f3 d5 23. Rh4 dxe4 24. Rxe4 Kf7 25. Kd2 Rd6+ 26. Kc1 Nd5 27. Rc4 Ne3 28. Rxc5 Rd1+ 29. Kb2 Nxg2 30. a3 Rd2 31. Ng3 Ne1 32. Kc1 Rg2 33. Ne4 bxa3 34. Kb1 h5 35. Rc7+ Ke6 36. Rxa7 Nxc2 37. Ka2 Nd4+ 38. Ka1 Nxb3+ 0-1

[Event "FRA-chT2 West 0607"]
[Site "France"]
[Date "2006.10.15"]
[Round "1.4"]
[White "Giroux, Fabrice"]
[Black "Bogdanov, Emil"]
[Result "0-1"]
[WhiteElo "2202"]
[BlackElo "2249"]
[PlyCount "62"]
[EventDate "2006.10.15"]
[EventType "team"]
[EventRounds "11"]
[EventCountry "FRA"]
[SourceTitle "EXT 2008"]
[Source "ChessBase"]
[SourceDate "2007.11.25"]
[SourceVersion "1"]
[SourceVersionDate "2007.11.25"]
[SourceQuality "1"]
[WhiteTeam "JEEN"]
[BlackTeam "Le Vesinet"]
[WhiteTeamCountry "FRA"]
[BlackTeamCountry "FRA"]

1. e4 c5 2. c3 Nf6 3. e5 Nd5 4. d4 e6 5. Nf3 cxd4 6. cxd4 d6 7. Nc3 Nxc3 8. bxc3 Qc7 9. Bd2 Nd7 10. exd6 Bxd6 11. Bd3 b6 12. 0-0 Bb7 13. Re1 0-0 14. h3 Rac8 15. Qc2 g6 16. Ng5 Nf6 17. Ne4 Be7 18. Rac1 Rfd8 19. Qb2 Nxe4 20. Bxe4 Bxe4 21. Rxe4 Qc4 22. Bf4 Bf6 23. Be5 Bxe5 24. Rxe5 Rxd4 25. Re3 Rd5 26. Qa3 Ra5 27. Qe7 Rxa2 28. Rd1 Qc5 29. Rd6 Rd2 30. Rf3 Rd1+ 31. Kh2 Qxd6+ 0-1

[Event "Avoine op 21th"]
[Site "Avoine"]
[Date "2006.07.26"]
[Round "5"]
[White "Giroux, Fabrice"]
[Black "Cotton, Philippe"]
[Result "1-0"]
[WhiteElo "2204"]
[BlackElo "1909"]
[PlyCount "51"]
[EventDate "2006.07.22"]
[EventType "swiss"]
[EventRounds "9"]
[EventCountry "FRA"]
[SourceTitle "EXT 2007"]
[Source "ChessBase"]
[SourceDate "2006.11.23"]
[SourceVersion "1"]
[SourceVersionDate "2006.11.23"]
[SourceQuality "1"]

1. e4 c5 2. c3 Nf6 3. e5 Nd5 4. d4 cxd4 5. cxd4 e6 6. Nf3 d6 7. Nc3 Nxc3 8. bxc3 Qc7 9. Bd2 Nd7 10. exd6 Bxd6 11. Bd3 Nf6 12. 0-0 Bd7 13. Re1 0-0 14. Ne5 Bc6 15. Re3 g6 16. Nxc6 Qxc6 17. c4 Rfe8 18. Bc3 Nd7 19. Rb1 Rab8 20. Qe2 Qc7 21. Kh1 Bf4 22. Rf3 e5 23. Re1 Bh6 24. dxe5 Bg7 25. Re3 Re6 26. f4 1-0

[Event "Avoine op 21th"]
[Site "Avoine"]
[Date "2006.07.24"]
[Round "3"]
[White "Schmittdiel, Eckhard"]
[Black "Giroux, Fabrice"]
[Result "1-0"]
[WhiteElo "2387"]
[BlackElo "2204"]
[PlyCount "103"]
[EventDate "2006.07.22"]
[EventType "swiss"]
[EventRounds "9"]
[EventCountry "FRA"]
[SourceTitle "EXT 2007"]
[Source "ChessBase"]
[SourceDate "2006.11.23"]
[SourceVersion "1"]
[SourceVersionDate "2006.11.23"]
[SourceQuality "1"]

1. c4 Nc6 2. Nc3 e5 3. g3 f5 4. Bg2 Nf6 5. e3 d5 6. cxd5 Nb4 7. d3 Nfxd5 8. Nxd5 Nxd5 9. Nf3 Bb4+ 10. Bd2 Qe7 11. Bxb4 Qxb4+ 12. Qd2 Qe7 13. 0-0 c6 14. e4 fxe4 15. dxe4 Nf6 16. Qc3 Nd7 17. b4 0-0 18. a4 Kh8 19. a5 Rb8 20. Rfd1 Re8 21. Rac1 Nf6 22. Nd2 Bg4 23. f3 Be6 24. Nf1 Bg8 25. Ne3 g6 26. Bf1 a6 27. Rd2 Rbd8 28. Rcd1 Rxd2 29. Rxd2 h5 30. h4 Kh7 31. Nd1 Rd8 32. Rxd8 Qxd8 33. Nb2 Nd7 34. Nd3 Qf6 35. Kf2 Be6 36. Nc5 Nxc5 37. bxc5 g5 38. hxg5 Qxg5 39. Qe3 Qd8 40. Qc3 Qc7 41. Be2 Bf7 42. Qd2 Kg6 43. f4 exf4 44. gxf4 Kh7 45. e5 Qe7 46. Bd3+ Kg8 47. Qe3 Kf8 48. Kg3 Bd5 49. Bg6 Bf7 50. Bf5 h4+ 51. Kh3 Bd5 52. Bg4 1-0

[Event "Paris-ch"]
[Site "Paris"]
[Date "2006.07.12"]
[Round "5"]
[White "Giroux, Fabrice"]
[Black "Peric, Slavisa"]
[Result "0-1"]
[WhiteElo "2204"]
[BlackElo "2274"]
[PlyCount "90"]
[EventDate "2006.07.08"]
[EventType "swiss"]
[EventRounds "9"]
[EventCountry "FRA"]
[SourceTitle "EXT 2007"]
[Source "ChessBase"]
[SourceDate "2006.11.23"]
[SourceVersion "1"]
[SourceVersionDate "2006.11.23"]
[SourceQuality "1"]

1. e4 e6 2. d4 d5 3. Nc3 dxe4 4. Nxe4 Nd7 5. Bd3 Ngf6 6. Qe2 c5 7. Nxf6+ Nxf6 8. dxc5 Bxc5 9. Bd2 Bd7 10. 0-0-0 Qb6 11. Nf3 Ng4 12. Be1 Bxf2 13. Nd2 Bxe1 14. Nc4 Qc5 15. Qxg4 Bf2 16. Be2 Ke7 17. Qxg7 Raf8 18. Kb1 Be8 19. Qh6 Rhg8 20. Nd6 Bc6 21. Bf3 Qg5 22. Qxh7 Rh8 23. Qd3 Rd8 24. Qe2 Bb6 25. Bxc6 bxc6 26. Ne4 Qe3 27. Qc4 Rxd1+ 28. Rxd1 Rh4 29. Qxc6 Rxe4 30. Qd6+ Kf6 31. a3 Qc5 32. Rf1+ Kg7 33. Qg3+ Kf8 34. Qf3 Qf5 35. Qxf5 exf5 36. Rxf5 Re1+ 37. Ka2 Re2 38. Kb3 Rxg2 39. h4 Ke7 40. a4 Ke6 41. Rf1 f5 42. Kc3 a5 43. Re1+ Kd5 44. Re7 Bd4+ 45. Kb3 f4 0-1

[Event "Montigny le Bretonneux Noel op 08th"]
[Site "Montigny le Bretonneux"]
[Date "2005.12.30"]
[Round "6"]
[White "Giroux, Fabrice"]
[Black "Murey, Jacob"]
[Result "0-1"]
[WhiteElo "2215"]
[BlackElo "2484"]
[PlyCount "95"]
[EventDate "2005.12.26"]
[EventType "swiss"]
[EventRounds "7"]
[EventCountry "FRA"]
[SourceTitle "CBM 110 Extra"]
[Source "ChessBase"]
[SourceDate "2006.03.10"]
[SourceVersion "2"]
[SourceVersionDate "2006.03.10"]
[SourceQuality "1"]

1. e4 e5 2. Nf3 Nc6 3. d4 Nf6 4. Bc4 exd4 5. e5 d5 6. Bb5 Ne4 7. Nxd4 Bd7 8. Bxc6 bxc6 9. 0-0 Be7 10. f3 Nc5 11. c3 0-0 12. b4 Ne6 13. Nf5 a5 14. Nxe7+ Qxe7 15. f4 axb4 16. f5 Nc5 17. Qd4 Nb3 18. axb3 Rxa1 19. Bb2 c5 20. Qf4 Ra2 21. f6 gxf6 22. Qg3+ Kh8 23. exf6 Rg8 24. fxe7 Rxg3 25. hxg3 Rxb2 26. cxb4 cxb4 27. Rd1 c6 28. Nd2 Kg7 29. Ne4 Re2 30. Nc5 Rxe7 31. Rd4 Bf5 32. Rxb4 Re1+ 33. Kf2 Rc1 34. Nb7 Rc2+ 35. Ke3 Rxg2 36. Kf4 Kf6 37. Rb6 Rf2+ 38. Ke3 Rc2 39. Kd4 Ke7 40. Nc5 Kd6 41. b4 Rc4+ 42. Ke3 d4+ 43. Kf4 Bg6 44. Rb7 Rxb4 45. Ne4+ Bxe4 46. Rxb4 c5 47. Rxd4+ cxd4 48. Kxe4 0-1

[Event "Montigny le Bretonneux Noel op 08th"]
[Site "Montigny le Bretonneux"]
[Date "2005.12.27"]
[Round "3"]
[White "Roux, Jean Luc"]
[Black "Giroux, Fabrice"]
[Result "0-1"]
[WhiteElo "1911"]
[BlackElo "2215"]
[PlyCount "96"]
[EventDate "2005.12.26"]
[EventType "swiss"]
[EventRounds "7"]
[EventCountry "FRA"]
[SourceTitle "CBM 110 Extra"]
[Source "ChessBase"]
[SourceDate "2006.03.10"]
[SourceVersion "2"]
[SourceVersionDate "2006.03.10"]
[SourceQuality "1"]

1. e4 Nc6 2. Nf3 d6 3. d4 Bg4 4. Be2 Nf6 5. Nc3 e6 6. Be3 d5 7. e5 Nd7 8. a3 Be7 9. 0-0 0-0 10. h3 Bh5 11. Nh2 Bxe2 12. Nxe2 Na5 13. b3 c5 14. f4 cxd4 15. Bxd4 Qc7 16. Nf3 Rac8 17. c3 Nc6 18. Qd2 Nc5 19. Bxc5 Bxc5+ 20. Kh1 Qb6 21. Qd1 Rfd8 22. b4 Be7 23. Qd3 a5 24. Nfd4 Nxd4 25. Nxd4 g6 26. Rf3 Rc4 27. Ne2 Ra8 28. Raf1 axb4 29. cxb4 Qc6 30. Rg3 Kh8 31. Rgf3 Rc8 32. g4 Re4 33. Ng3 Rc4 34. Ne2 f5 35. gxf5 gxf5 36. Rg1 d4 37. Kh2 Qe4 38. Rfg3 Rc2 39. R1g2 Bh4 40. Rf3 Qd5 41. Rf1 R8c3 42. Qxd4 Qxg2+ 43. Kxg2 Rxe2+ 44. Kg1 Rg3+ 45. Kh1 Rxh3+ 46. Kg1 Rhh2 47. Rf3 Reg2+ 48. Kf1 Rd2 0-1

[Event "Avoine op 20th"]
[Site "Avoine"]
[Date "2005.07.30"]
[Round "8"]
[White "Jouhaneau, Jacques"]
[Black "Giroux, Fabrice"]
[Result "0-1"]
[WhiteElo "1928"]
[BlackElo "2245"]
[PlyCount "78"]
[EventDate "2005.07.23"]
[EventType "swiss"]
[EventRounds "9"]
[EventCountry "FRA"]
[SourceTitle "EXT 2007"]
[Source "ChessBase"]
[SourceDate "2006.11.23"]
[SourceVersion "1"]
[SourceVersionDate "2006.11.23"]
[SourceQuality "1"]

1. c4 Nc6 2. Nc3 e5 3. Nf3 d6 4. g3 f5 5. d3 Nf6 6. Bg2 Be7 7. 0-0 0-0 8. e3 Qe8 9. h3 Qh5 10. Nh2 Qg6 11. Nd5 Bd8 12. b4 Nxd5 13. Bxd5+ Kh8 14. b5 Ne7 15. Bg2 c6 16. a4 a6 17. Bb2 Bd7 18. bxa6 Rxa6 19. c5 Bc7 20. Nf3 Qe6 21. Qc2 d5 22. Qc3 Ng6 23. h4 Re8 24. Ng5 Qe7 25. Rfe1 Ba5 26. Qc2 Bxe1 27. Rxe1 Kg8 28. Qb3 Qxc5 29. Ba3 Rb6 30. Qa2 Qa5 31. Rc1 h6 32. h5 Nh8 33. Nh3 Qxa4 34. Bxd5+ cxd5 35. Qxd5+ Be6 36. Qxe5 Qxa3 37. Rc7 Nf7 38. Qd4 Qd6 39. Qc3 Rc6 0-1

[Event "Avoine op 20th"]
[Site "Avoine"]
[Date "2005.07.27"]
[Round "5"]
[White "Giroux, Fabrice"]
[Black "Perruchaud, Francois"]
[Result "1/2-1/2"]
[WhiteElo "2245"]
[BlackElo "2050"]
[PlyCount "154"]
[EventDate "2005.07.23"]
[EventType "swiss"]
[EventRounds "9"]
[EventCountry "FRA"]
[SourceTitle "EXT 2007"]
[Source "ChessBase"]
[SourceDate "2006.11.23"]
[SourceVersion "1"]
[SourceVersionDate "2006.11.23"]
[SourceQuality "1"]

1. Nc3 d5 2. e4 Nf6 3. exd5 Nxd5 4. Bc4 Be6 5. Qf3 c6 6. Nge2 Nc7 7. Bxe6 Nxe6 8. b3 g6 9. Bb2 Bg7 10. 0-0-0 Nd4 11. Nxd4 Bxd4 12. h4 h5 13. Rhe1 e6 14. Ne4 Bxb2+ 15. Kxb2 Qc7 16. Qc3 Rf8 17. Nf6+ Kd8 18. Nh7 Re8 19. Ng5 Qe7 20. Re3 Nd7 21. Qa5+ b6 22. Qa4 Kc7 23. Qf4+ e5 24. Qxf7 Qxf7 25. Nxf7 Rf8 26. Nxe5 Rxf2 27. Nxd7 Kxd7 28. Rg3 Rg8 29. Kc3 Rf4 30. Rh1 Ke6 31. Re3+ Kf6 32. g3 Rg4 33. Rf1+ Kg7 34. Rff3 g5 35. hxg5 Rxg5 36. Re7+ Kh6 37. Ree3 R8g6 38. Kd3 a5 39. Ke2 Rd6 40. Re8 Rdg6 41. Kf2 Rg4 42. Rh8+ Kg5 43. Rhf8 Kh6 44. Rb8 c5 45. Rh8+ Kg5 46. Re3 Rf6+ 47. Ke2 Rg6 48. Re5+ Kf6 49. Rexh5 Rxg3 50. R8h6 Ke6 51. Rxg6+ Rxg6 52. Kd3 Kd6 53. a4 Kc6 54. c3 Rg4 55. Rh6+ Kb7 56. Rf6 Rh4 57. Ke3 Rh3+ 58. Rf3 Rh2 59. Rf2 Rh1 60. Kd3 Rh4 61. Re2 Kc6 62. Re6+ Kc7 63. Re4 Rh2 64. Rg4 Kb7 65. Ke3 Rh3+ 66. Ke4 Kc6 67. Rg6+ Kc7 68. Rf6 Rh2 69. Rf7+ Kc6 70. d4 Rb2 71. d5+ Kd6 72. Rf6+ Kc7 73. d6+ Kd7 74. Kd5 Rd2+ 75. Kc4 Rb2 76. Rh6 Rb1 77. Kd5 Rd1+ 1/2-1/2

[Event "Avoine op 20th"]
[Site "Avoine"]
[Date "2005.07.24"]
[Round "1"]
[White "Giroux, Fabrice"]
[Black "Miqueu, Eric"]
[Result "1-0"]
[WhiteElo "2245"]
[BlackElo "2046"]
[PlyCount "77"]
[EventDate "2005.07.23"]
[EventType "swiss"]
[EventRounds "9"]
[EventCountry "FRA"]
[SourceTitle "EXT 2007"]
[Source "ChessBase"]
[SourceDate "2006.11.23"]
[SourceVersion "1"]
[SourceVersionDate "2006.11.23"]
[SourceQuality "1"]

1. Nc3 d5 2. e4 e6 3. d4 Bb4 4. e5 Ne7 5. Nf3 b6 6. Bb5+ c6 7. Bd3 Ba6 8. 0-0 Bxd3 9. Qxd3 Nf5 10. Bg5 Be7 11. Bxe7 Qxe7 12. Nd1 c5 13. c4 Nc6 14. cxd5 Ncxd4 15. d6 Qb7 16. Nxd4 Nxd4 17. f4 0-0 18. Nc3 f6 19. Rae1 Qc6 20. Ne4 f5 21. Ng5 h6 22. Nf3 Nxf3+ 23. Rxf3 c4 24. Qd4 Rac8 25. Rc1 Qc5 26. Qxc5 Rxc5 27. b3 b5 28. bxc4 Rfc8 29. Ra3 bxc4 30. Rxa7 c3 31. Rc2 Rb8 32. Rc7 Rb1+ 33. Kf2 Rb2 34. Rxc5 Rxc2+ 35. Ke3 Kh7 36. a4 Ra2 37. Rxc3 Rxa4 38. d7 Ra8 39. Rc8 1-0

[Event "Paris Apsap op 82nd"]
[Site "Paris"]
[Date "2005.??.??"]
[Round "7"]
[White "Giroux, Fabrice"]
[Black "Moullier, Igor"]
[Result "0-1"]
[WhiteElo "2245"]
[BlackElo "2044"]
[PlyCount "78"]
[EventDate "2005.08.09"]
[EventType "swiss"]
[EventRounds "7"]
[EventCountry "FRA"]
[SourceTitle "EXT 2007"]
[Source "ChessBase"]
[SourceDate "2006.11.23"]
[SourceVersion "1"]
[SourceVersionDate "2006.11.23"]
[SourceQuality "1"]

1. Nc3 c5 2. Nf3 Nc6 3. d4 cxd4 4. Nxd4 Nf6 5. Bg5 e6 6. Ndb5 d6 7. Bf4 e5 8. Bg5 a6 9. Na3 b5 10. Nd5 Be7 11. Bxf6 Bxf6 12. g3 Be6 13. Bg2 Rc8 14. c3 Bg5 15. 0-0 0-0 16. Nc2 f5 17. a4 f4 18. axb5 axb5 19. Ra6 Ne7 20. Nxe7+ Bxe7 21. Nb4 fxg3 22. hxg3 Bc4 23. Nc6 Qe8 24. Bd5+ Kh8 25. Nxe7 Qxe7 26. Bxc4 bxc4 27. Qxd6 Qg5 28. Ra7 e4 29. Qe7 Qg4 30. Qd7 Qg5 31. Kg2 Rcd8 32. Qe7 Qg4 33. Rd1 Rde8 34. Qd7 Qg5 35. Rd5 Qg6 36. Raa5 e3 37. Rf5 exf2 38. Kxf2 Qb6+ 39. Qd4 Qxa5 0-1

[Event "Avoine op 18th"]
[Site "Avoine"]
[Date "2003.07.26"]
[Round "8"]
[White "Muntadas, Alan"]
[Black "Giroux, Fabrice"]
[Result "0-1"]
[WhiteElo "2023"]
[BlackElo "2259"]
[PlyCount "30"]
[EventDate "2003.07.19"]
[EventType "swiss"]
[EventRounds "9"]
[EventCountry "FRA"]
[SourceTitle "CBM 095 Extra"]
[Source "ChessBase"]
[SourceDate "2003.09.04"]
[SourceVersion "1"]
[SourceVersionDate "2003.09.04"]
[SourceQuality "1"]

1. e4 e6 2. d4 d5 3. Nd2 Nf6 4. e5 Nfd7 5. Bd3 c5 6. c3 Nc6 7. Ne2 cxd4 8. cxd4 f6 9. exf6 Nxf6 10. Nf3 Bd6 11. Bf4 Bxf4 12. Nxf4 0-0 13. Rc1 Ne4 14. g3 g5 15. Ne2 Rxf3 0-1

[Event "Avoine op 18th"]
[Site "Avoine"]
[Date "2003.07.21"]
[Round "3"]
[White "Giroux, Fabrice"]
[Black "Laurent, Bruno"]
[Result "0-1"]
[WhiteElo "2259"]
[BlackElo "2374"]
[PlyCount "88"]
[EventDate "2003.07.19"]
[EventType "swiss"]
[EventRounds "9"]
[EventCountry "FRA"]
[SourceTitle "CBM 095 Extra"]
[Source "ChessBase"]
[SourceDate "2003.09.04"]
[SourceVersion "1"]
[SourceVersionDate "2003.09.04"]
[SourceQuality "1"]

1. Nf3 Nf6 2. c4 g6 3. Nc3 Bg7 4. e4 d6 5. d4 0-0 6. Be2 e5 7. dxe5 dxe5 8. Qxd8 Rxd8 9. Bg5 Re8 10. Nd5 Nxd5 11. cxd5 c6 12. Bc4 cxd5 13. Bxd5 Nd7 14. Rc1 Nf6 15. Bxf6 Bxf6 16. Rc7 Be6 17. Bxe6 Rxe6 18. Rxb7 Ra6 19. a3 Ra4 20. 0-0 Rxe4 21. g3 Rc8 22. Re1 Rxe1+ 23. Nxe1 e4 24. Kf1 Rc1 25. Ke2 Rb1 26. f3 exf3+ 27. Nxf3 Rxb2+ 28. Rxb2 Bxb2 29. a4 Kg7 30. Kd3 Kf6 31. g4 h5 32. h3 hxg4 33. hxg4 Bc1 34. Ke4 Bb2 35. Kd5 Ke7 36. Kc6 Ke6 37. a5 Bc1 38. Nd4+ Ke5 39. Nb5 Be3 40. Kb7 f5 41. gxf5 gxf5 42. Nxa7 f4 43. Nc6+ Ke4 44. Nb4 f3 0-1

[Event "Saint Quentin op 5th"]
[Site "Saint Quentin"]
[Date "2002.??.??"]
[Round "3"]
[White "Giroux, Fabrice"]
[Black "Pira, Davoud"]
[Result "0-1"]
[WhiteElo "2207"]
[BlackElo "2431"]
[PlyCount "68"]
[EventDate "2002.04.21"]
[EventType "swiss"]
[EventRounds "9"]
[EventCountry "FRA"]
[SourceTitle "CBM 088 Extra"]
[Source "ChessBase"]
[SourceDate "2002.07.01"]
[SourceVersion "2"]
[SourceVersionDate "2002.07.01"]
[SourceQuality "1"]

1. Nc3 c5 2. Nf3 Nc6 3. d4 cxd4 4. Nxd4 e6 5. g3 Bc5 6. Be3 Qb6 7. Ndb5 Bxe3 8. Nd6+ Kf8 9. fxe3 Nf6 10. Qd2 Ke7 11. 0-0-0 Rd8 12. Bg2 Ne8 13. Rhf1 Ne5 14. Nce4 Nxd6 15. Nxd6 f6 16. Rf4 a5 17. Qc3 Nf7 18. Rfd4 Nxd6 19. Rxd6 Qb5 20. Qd4 Ra6 21. Rxa6 bxa6 22. Qe4 Qxe2 23. Bf3 Qxh2 24. Rh1 Qxg3 25. Rxh7 Kf7 26. Bd1 d5 27. Qd4 Kg8 28. Rh1 Bd7 29. Qb6 Rb8 30. Qa7 Be8 31. e4 Qe5 32. c3 Rc8 33. Rg1 Rc7 34. Qb8 Rxc3+ 0-1

[Event "Bethune op 21st"]
[Site "Bethune"]
[Date "2000.??.??"]
[Round "1"]
[White "Giroux, Fabrice"]
[Black "Barj, Julien"]
[Result "1-0"]
[WhiteElo "2160"]
[BlackElo "1910"]
[PlyCount "51"]
[EventDate "2000.12.26"]
[EventType "swiss"]
[EventRounds "7"]
[EventCountry "FRA"]
[SourceTitle "EXT 2003"]
[Source "ChessBase"]
[SourceDate "2002.11.25"]
[SourceVersion "1"]
[SourceVersionDate "2002.11.25"]
[SourceQuality "1"]

1. e4 c5 2. c3 d5 3. exd5 Qxd5 4. d4 e6 5. Nf3 Nc6 6. Be3 cxd4 7. cxd4 Nf6 8. Nc3 Qa5 9. a3 Bd6 10. Bd3 Bd7 11. 0-0 Ne7 12. Qd2 Qd8 13. Bg5 Bc6 14. Ne5 Nd7 15. Nxc6 bxc6 16. Ne4 Nb6 17. Rac1 Qd7 18. Nxd6+ Qxd6 19. Bxe7 Kxe7 20. Qg5+ Kf8 21. Be4 Nd5 22. Rc5 g6 23. Rfc1 Qf4 24. Rxd5 Qxe4 25. Qf6 Rg8 26. Rd7 1-0